<?xml version="1.0" encoding="UTF-8"?><?xml-stylesheet type="text/xsl" href="static/style.xsl"?><OAI-PMH xmlns="http://www.openarchives.org/OAI/2.0/" xmlns:xsi="http://www.w3.org/2001/XMLSchema-instance" xsi:schemaLocation="http://www.openarchives.org/OAI/2.0/ http://www.openarchives.org/OAI/2.0/OAI-PMH.xsd"><responseDate>2026-06-01T19:56:40Z</responseDate><request verb="GetRecord" identifier="oai:riubu.ubu.es:10259/5055" metadataPrefix="marc">https://riubu.ubu.es/oai/request</request><GetRecord><record><header><identifier>oai:riubu.ubu.es:10259/5055</identifier><datestamp>2024-07-24T11:41:40Z</datestamp><setSpec>com_10259_9476</setSpec><setSpec>com_10259.4_106</setSpec><setSpec>com_10259_2604</setSpec><setSpec>col_10259_9477</setSpec></header><metadata><record xmlns="http://www.loc.gov/MARC21/slim" xmlns:doc="http://www.lyncode.com/xoai" xmlns:xsi="http://www.w3.org/2001/XMLSchema-instance" xmlns:dcterms="http://purl.org/dc/terms/" xsi:schemaLocation="http://www.loc.gov/MARC21/slim http://www.loc.gov/standards/marcxml/schema/MARC21slim.xsd">
<leader>00925njm 22002777a 4500</leader>
<datafield tag="042" ind1=" " ind2=" ">
<subfield code="a">dc</subfield>
</datafield>
<datafield tag="720" ind1=" " ind2=" ">
<subfield code="a">Garroni, Sebastiano</subfield>
<subfield code="e">author</subfield>
</datafield>
<datafield tag="720" ind1=" " ind2=" ">
<subfield code="a">Senes, Nina .</subfield>
<subfield code="e">author</subfield>
</datafield>
<datafield tag="720" ind1=" " ind2=" ">
<subfield code="a">Iacomini, Antonio .</subfield>
<subfield code="e">author</subfield>
</datafield>
<datafield tag="720" ind1=" " ind2=" ">
<subfield code="a">Enzo, Stefano</subfield>
<subfield code="e">author</subfield>
</datafield>
<datafield tag="720" ind1=" " ind2=" ">
<subfield code="a">Mulas, Gabriele</subfield>
<subfield code="e">author</subfield>
</datafield>
<datafield tag="720" ind1=" " ind2=" ">
<subfield code="a">Pardo, Lorena .</subfield>
<subfield code="e">author</subfield>
</datafield>
<datafield tag="720" ind1=" " ind2=" ">
<subfield code="a">Cuesta López, Santiago</subfield>
<subfield code="e">author</subfield>
</datafield>
<datafield tag="260" ind1=" " ind2=" ">
<subfield code="c">2018-08</subfield>
</datafield>
<datafield tag="520" ind1=" " ind2=" ">
<subfield code="a">Ultrasonic imaging system is a non‐invasive medical imaging technique that has become one of the most widely used diagnostic tools in modern medicine for detecting prenatal anomalies and deep screening of biological tissues. One of the core components of the ultrasound system is represented by the probe where is located the transducer which produces mechanical energy in response to electrical signals, and conversely, produce electrical signals in response to mechanical stimulus. The ultrasound transducer in the probe is generally made of a piezoelectric ceramic material such as lead zirconate titanate (PZT), which present two important limitations as the presence of toxic material as the lead, and low acoustic impedance ascribable to its high density. For these reasons, it is necessary to focus the research on new eco‐friendly piezoelectric materials with properties comparable with PZT. Among them potassium sodium niobate is considered as a leading lead‐free candidate to replace lead‐based piezoceramics, resulting the most promising. In this review, the most relevant and advanced synthesis approaches and the unique properties of this class of lead‐free piezoceramics are presented in detail.</subfield>
</datafield>
<datafield tag="024" ind2=" " ind1="8">
<subfield code="a">1862-6300</subfield>
</datafield>
<datafield tag="024" ind2=" " ind1="8">
<subfield code="a">http://hdl.handle.net/10259/5055</subfield>
</datafield>
<datafield tag="024" ind2=" " ind1="8">
<subfield code="a">10.1002/pssa.201700896</subfield>
</datafield>
<datafield ind1=" " ind2=" " tag="653">
<subfield code="a">KxNa(1 x)NbO3</subfield>
</datafield>
<datafield ind1=" " ind2=" " tag="653">
<subfield code="a">lead-free piezoceramics</subfield>
</datafield>
<datafield ind1=" " ind2=" " tag="653">
<subfield code="a">solid-state reactions</subfield>
</datafield>
<datafield ind1=" " ind2=" " tag="653">
<subfield code="a">ultrasonictransducer</subfield>
</datafield>
<datafield ind1=" " ind2=" " tag="653">
<subfield code="a">wet-chemistry</subfield>
</datafield>
<datafield tag="245" ind1="0" ind2="0">
<subfield code="a">Advanced Synthesis on Lead‐Free KxNa(1−x)NbO3 Piezoceramics for Medical Imaging Applications</subfield>
</datafield>
</record></metadata></record></GetRecord></OAI-PMH>